Estudios estadísticos (Record no. 32311)

MARC details
000 -LEADER
campo de control de longitud fija 00664nam a2200181 i 4500
001 - NÚMERO DE CONTROL
campo de control 32311
003 - IDENTIFICADOR DE NÚMERO DE CONTROL
campo de control ES-MaACL
005 - FECHA Y HORA DE LA ÚLTIMA TRANSACCIÓN
campo de control 20230910063043.0
007 - CAMPO FIJO DE DESCRIPCIÓN FÍSICA--INFORMACIÓN GENERAL
campo de control de longitud fija t|
008 - DATOS DE LONGITUD FIJA--INFORMACIÓN GENERAL
campo de control de longitud fija 030130s1914 sp ||||1| spa d
100 1# - ENTRADA PRINCIPAL--NOMBRE DE PERSONA
Nombre de persona Bernis, Francisco,
Fechas asociadas al nombre 1877-1933
9 (RLIN) 28345
245 10 - MENCIÓN DEL TÍTULO
Título Estudios estadísticos
Resto del título : contribución a la investigación de la situación económica de los trabajadores en España /
Mención de responsabilidad, etc. Franciso Bernis.
260 ## - PUBLICACIÓN, DISTRIBUCIÓN, ETC.
Lugar de publicación, distribución, etc. Barcelona :
Nombre del editor, distribuidor, etc. [s.n.],
Fecha de publicación, distribución, etc. 1914 (
Fabricante Tip. "La Academia" de Serra hnos. y Russell)
300 ## - DESCRIPCIÓN FÍSICA
Extensión 39 p. ;
Dimensiones 24 cm.
500 ## - NOTA GENERAL
Nota general Trabajos publicados en la Revista Estvdio.
852 ## - LOCALIZACIÓN
Ubicación ES-MaACL
Número de control de estantería T-1362-F-9
Holdings
Estatus retirado Estado de pérdida Estado de daño No para préstamo Colección Biblioteca de origen Biblioteca actual Ubicación en estantería Fecha de adquisición Fuente de adquisición Total de préstamos Signatura topográfica completa Código de barras Visto por última vez Precio de reemplazo Tipo de ítem Koha
        Colección de folletos Biblioteca del Ateneo de Madrid Biblioteca del Ateneo de Madrid Depósito folletos 17/01/2008     T-1362-F-9 1033463 23/02/2023 23/02/2023 Folleto